000 00697nam a2200229 i 4500
001 bg
100 1 _aSONCZYK, Wiesław.
245 1 0 _aMedia w Polsce :
_bzarys problematyki /
_cWiesław Sonczyk.
260 _aWarszawa :
_bWydawnictwa Szkolne i Pedagogiczne,
_c1999.
300 _a154, [3] s. ;
_c21 cm.
490 1 _aBiblioteka Wiedzy o Społeczeństwie
504 _aBibliogr. s. [157].
650 9 _aŚrodki masowego przekazu
_zPolska
_yod 1989 r.
830 _aBiblioteka Wiedzy o Społeczeństwie
020 _a8302072508
040 _cBPK
041 0 _apl
080 _a659.3(438)"1989/..."
920 _a83-02-07250-8
942 _cKS
008 s pl f |000 0 pol
999 _c36927
_d36927
856 _uhttp://koha.tu.koszalin.pl/cgi-bin/koha/opac-detail.pl?biblionumber=36927
_yKatalog online BPK